<?xml version="1.0" encoding="UTF-8"?>
<collection xmlns="http://www.loc.gov/MARC21/slim">
 <record>
  <leader>01305nam a2200241Ia 4500</leader>
  <controlfield tag="001">TDMU_39751</controlfield>
  <controlfield tag="008">210410s9999    xx            000 0 und d</controlfield>
  <datafield tag="082" ind1=" " ind2=" ">
   <subfield code="a">959.7</subfield>
  </datafield>
  <datafield tag="090" ind1=" " ind2=" ">
   <subfield code="b">S450</subfield>
  </datafield>
  <datafield tag="100" ind1=" " ind2=" ">
   <subfield code="a">Nhiều tác giả</subfield>
  </datafield>
  <datafield tag="245" ind1=" " ind2="0">
   <subfield code="a">Sổ tay luật sư</subfield>
  </datafield>
  <datafield tag="245" ind1=" " ind2="0">
   <subfield code="c">Trương Nhật Quang...[và những người khác]</subfield>
  </datafield>
  <datafield tag="245" ind1=" " ind2="0">
   <subfield code="n">T.3</subfield>
  </datafield>
  <datafield tag="245" ind1=" " ind2="0">
   <subfield code="p">Kỹ năng hành nghề luật sư tư vấn trong lĩnh vực đầu tư, kinh doanh, thương mại</subfield>
  </datafield>
  <datafield tag="260" ind1=" " ind2=" ">
   <subfield code="a">H.</subfield>
  </datafield>
  <datafield tag="260" ind1=" " ind2=" ">
   <subfield code="b">Chính trị Quốc gia Sự thật</subfield>
  </datafield>
  <datafield tag="260" ind1=" " ind2=" ">
   <subfield code="c">2019</subfield>
  </datafield>
  <datafield tag="300" ind1=" " ind2=" ">
   <subfield code="a">479tr.</subfield>
  </datafield>
  <datafield tag="520" ind1=" " ind2=" ">
   <subfield code="a">Trình bày những kỹ năng cơ bản của luật sư khi tham gia bào chữa, bảo vệ quyền và lợi ích hợp pháp cho khách hàng trong lĩnh vực đầu tư, kinh doanh và thương mại</subfield>
  </datafield>
  <datafield tag="650" ind1=" " ind2=" ">
   <subfield code="a">Nghề luật sư</subfield>
   <subfield code="x">Lĩnh vực đầu tư</subfield>
   <subfield code="x">Tư vấn</subfield>
   <subfield code="v">Sổ tay; Nghề luật sư</subfield>
   <subfield code="x">Lĩnh vực kinh doanh</subfield>
   <subfield code="x">Tư vấn</subfield>
   <subfield code="v">Sổ tay; Nghề luật sư</subfield>
   <subfield code="x">Lĩnh vực thương mại</subfield>
   <subfield code="x">Tư vấn</subfield>
   <subfield code="v">Sổ tay</subfield>
  </datafield>
  <datafield tag="700" ind1=" " ind2=" ">
   <subfield code="a">Trương, Nhật Quang</subfield>
  </datafield>
  <datafield tag="856" ind1=" " ind2=" ">
   <subfield code="u">http://lrc.tdmu.edu.vn/opac/search/detail.asp?aID=2&amp;ID=39751</subfield>
  </datafield>
  <datafield tag="980" ind1=" " ind2=" ">
   <subfield code="a">Trung tâm Học liệu Trường Đại học Thủ Dầu Một</subfield>
  </datafield>
 </record>
</collection>
